Largest North Dakota Cities (with hints) - Statistics

General Stats
  • This quiz has been taken 12 times
  • The average score is 8 of 13
Answer Stats
Population Hint City % Correct
73,622 State capital Bismarck
100%
125,990 Coen Brothers movie Fargo
100%
48,377 Air Force base Minot
92%
59,166 University of North Dakota Grand Forks
83%
38,626 Directional suburb of #1 West Fargo
75%
25,167 Large Ukrainian population Dickinson
58%
27,332 Doubled in population from 2010-2020 due to oil boom Williston
58%
7,182 Named after a nearby "bad spirit" lake with high salinity Devils Lake
50%
15,750 Ronda Rousey Jamestown
33%
24,447 "Where the West Begins" Mandan
33%
7,943 Red River of the North begins Wahpeton
25%
5,866 Theodore Roosevelt National Park Watford City
25%
6,559 "City of Bridges" Valley City
17%
No matching quizzes found
Score Distribution
Percent of People with Each Score
Percentile by Number Answered
Your Score History
You have not taken this quiz